| 000 | 00936nam a2200253Ia 4500 | ||
|---|---|---|---|
| 003 | OSt | ||
| 005 | 20221005112604.0 | ||
| 006 | a|||||r|||| 00| 0 | ||
| 007 | ta | ||
| 008 | 221004b |||||||| |||| 00| 0 pan d | ||
| 020 |
_a9789383437207 (hbk) _cINR 250.00 |
||
| 024 | _a45085 | ||
| 037 |
_b1070, 15/02/2019, H.K. Prakashan _cTextual |
||
| 040 |
_aCRL _cCRL _bpan |
||
| 041 |
_2pan _apan |
||
| 082 | _aU8, 153Q8 | ||
| 100 | _aਸਿੰਘ, ਮੋਹਨ, ਂਚ. | ||
| 245 | 0 | _aਗੰਗਾ ਕਿਨਾਰਿਆਂ ਤੋ੍ਵ ਬੰਗਾਲ ਦੀ ਖਾੜੀ ਤੱਕ ਸਖ਼ਰਨਾਮਾ | |
| 260 |
_aਚੰਡੀਗੜ੍ਹ _bਲੋਕਗੀਤ ਪ੍ਰਕਾFਨ ਭਾਰਤ _c2018 |
||
| 300 |
_a112ਪ੍ਰ0 _ccm. |
||
| 650 | _aਸਖ਼ਰਨਾਮਾ | ||
| 942 |
_hU8, 153Q8 _cTEXL _2cc |
||
| 999 |
_c1025347 _d1025347 |
||